Strobe application guide

সংরক্ষণ করুন:
গ্রন্থ-পঞ্জীর বিবরন
সংস্থা লেখক: Edwards Systems Technology
বিন্যাস: অজ্ঞাত
প্রকাশিত: 1994
ট্যাগগুলো: ট্যাগ যুক্ত করুন
কোনো ট্যাগ নেই, প্রথমজন হিসাবে ট্যাগ করুন!

MARC

LEADER 00000 a2200000 4500
003 000046
005 20221231143758.0
008 140114s1994 a 000 ||e d
040 |c cru CEDI 
082 |a 621.398.1 E26s 
110 |9 18817  |a Edwards Systems Technology  
245 |a Strobe application guide  
260 |b 1994 
300 |a 49 páginas ; ilustraciones  
942 |c BK  |2 ddc 
999 |c 11839  |d 11839